| 000 | 00479nam a2200145 a 4500 | ||
|---|---|---|---|
| 001 | 000031697 | ||
| 005 | 20200930063118.0 | ||
| 008 | 110630s2002 dr 000 0 spa d | ||
| 040 |
_aDO-SdBNP _bspa _cBNPHU |
||
| 100 | 1 |
_aHernández, Jesús _95470 |
|
| 245 | 1 | 0 |
_aLibros dominicanos buscados sobre literatura : _bcampaña 2001-2002 / _cP. Jesús Hernández. |
| 260 |
_aSanto Domingo : _bBiblioteca Antillense Salesiana (Bas), _c[2002]. |
||
| 300 |
_a33 p. ; _c22 cm. |
||
| 049 | _aBNPD | ||
| 999 |
_c31189 _d31189 |
||